000 00297nam a22001337a 4500
008 170203b xxu||||| |||| 00| 0 eng d
020 _a0812110544
041 _aeng
080 _a61
100 _a3
101 _aSHM
245 _aTHEORETICAL BASIS AND CLINICAL
_cJAMES. SKINMER
942 _2udc
_cBK
999 _c4534
_d4534